000 00317nam a2200109Ia 4500
008 200302s9999 xx 000 0 und d
100 _aGeraint John & Others
245 _aHandbook of Sports & Recreational Building Design Vol 1 2nd ed.
260 _bC B S Publishers & Destributors
260 _c1997
300 _a281 P.,
999 _c1806
_d1806